000 00759nam a2200193 a 4500
001 000044090
005 20201002045135.0
008 140515s1972 sp 000 0 spa d
040 _aDO-SdBNP
_bspa
_cBNPHU
082 _axxxx
_bxxxx
100 1 _aGómez Pin, Víctor,
_d1944-
_923634
245 1 0 _aDe usía a manía :
_b(Vino y éxtasis) /
_cVíctor Gómez Pin.
260 _aBarcelona :
_bAnagrama,
_c1972.
300 _a103 p. ;
_c18 cm.
490 1 _aCuadernos anagrama
_afilosofía
_v41
500 _aEn la cubierta: Tres apéndices: La silla de Picasso es una-mala-silla ; Antonio Ordòñez ; La aventura de Aschembach
500 _aIncluye referencias bibliograficas y notas al pie de las páginas
830 0 _aCuadernos anagrama ;
_pfilosofía
_n41
_972085
999 _c43579
_d43579